000 00299nam a22001337a 4500
008 170915b xxu||||| |||| 00| 0 eng d
020 _a9780671475017
041 _aeng
080 _a77
100 _a44
101 _aART
245 _aCOMPLETE PHOTOGRAPHY COURSE
_cHEDGECOS.J
942 _2udc
_cBK
999 _c27768
_d27768